| 000 | 01462cam a2200361 i 4500 | ||
|---|---|---|---|
| 001 | 14655194 | ||
| 003 | EG-ScBUE | ||
| 005 | 20240930084804.0 | ||
| 008 | 061204s2006 enka f 001 0 eng d | ||
| 020 | _a9780521684248 (pbk.) | ||
| 020 | _a0521684242 (pbk.) | ||
| 035 | _a(OCoLC)ocm71165878 | ||
| 035 | _a(OCoLC)71165878 | ||
| 040 |
_aCOO _beng _erda _cCOO _dEQO _dBAKER _dYDXCP _dSUC _dIXA _dDLC _dEG-ScBUE |
||
| 082 | 0 | 4 |
_a515 _222 _bBRA |
| 100 | 1 |
_aBrannan, D. A., _eauthor. |
|
| 245 | 1 | 2 |
_aA first course in mathematical analysis / _cDavid Alexander Brannan. |
| 246 | 3 | 0 | _aMathematical analysis |
| 264 | 1 |
_aCambridge ; _aNew York : _bCambridge University Press : _bOpen University, _c2006. |
|
| 300 |
_axii, 459 pages : _billustrations ; _c25 cm |
||
| 336 |
_2rdacontent _atext _btxt |
||
| 337 |
_aunmediated _2rdamedia _bn |
||
| 338 |
_avolume _bnc _2rdacarrier |
||
| 500 | _aIncludes index. | ||
| 650 | 7 |
_aMathematical analysis. _2BUEsh |
|
| 650 | 7 |
_aCalculus. _2BUEsh |
|
| 655 | _vReading book | ||
| 856 | 4 | 2 |
_3Publisher description _uhttp://www.loc.gov/catdir/enhancements/fy0619/2006299774-d.html |
| 856 | 4 | 1 |
_3Table of contents only _uhttp://www.loc.gov/catdir/enhancements/fy0619/2006299774-t.html |
| 856 | 4 | 2 |
_3Contributor biographical information _uhttp://www.loc.gov/catdir/enhancements/fy0733/2006299774-b.html |
| 942 |
_2ddc _cBB |
||
| 999 |
_c10752 _d10752 |
||